Munkavállalók közötti generációs különbségek elemzése a hazai munkaerőpiacon. Mi kell a jó együttműködéshez?

Bibliographic Details
Main Author: Solymosi-Kiss Anikó Bernadett
Other Authors: Thuma Dr. Orsolya Klára
Format: Final Paper
Kulcsszavak:21. század
együttműködés
életciklus - életút
munkahely
tudás
Online Access:http://dolgozattar.uni-bge.hu/59896

MARC

LEADER 00000nta a2200000 i 4500
001 dolg59896
005 20260409145719.0
008 260409suuuu hu o 000 hun d
040 |a BGE Dolgozattár Repozitórium  |b hun 
041 |a hu 
100 1 |a Solymosi-Kiss Anikó Bernadett 
245 1 0 |a Munkavállalók közötti generációs különbségek elemzése a hazai munkaerőpiacon. Mi kell a jó együttműködéshez?  |c Solymosi-Kiss Anikó Bernadett  |h [elektronikus dokumentum] 
516 |a Final_paper 
520 3 |a A generációk közötti különbségek napjainkban egyre több kutatót, szakembert, de a hétköznapi embereket is foglalkoztatják. Gondoljunk csak Steigervald Krisztiánra, akinek nagy sikert aratott könyvei jelentek meg a témában, generációkutatóként járja az országot. Vallja, hogy egyik generáció sem jobb vagy rosszabb, csak mindegyik más. Mivel más-más világba születnek, ezért eltérő élményanyag veszi körül őket, ami generációs különbségek kialakulásához vezethet.A munkaerőpiacon napjainkban négy generáció dolgozik együtt. Együttműködésüket nagyon sok tényező befolyásolja. Például az, hogy milyen személyiségű, szocializációs háttérrel rendelkező kollégák alkotják a munkahely közösségét, vagy éppen az azt alkotó személyek milyen életszakaszban vannak. Ehhez párosulnak még a munkahely sajátosságai is. Milyen a vállalati kultúra, milyen a belső kommunikáció, mennyire világos az elérendő stratégiai cél, és annak elérése milyen munkafolyamatok mentén lehetséges, minden munkavállaló tisztában van-e a saját szerepével, mi a szervezet tagjainak személyes motivációja. Kérdés az is, hogy mekkora a munkahelyi stressz mértéke, az egyén képes-e a stresszel való megküzdésre, hiszen ez is kihat a munkavállaló teljesítményére. 
695 |a 21. század 
695 |a együttműködés 
695 |a életciklus - életút 
695 |a munkahely 
695 |a tudás 
700 1 |a Thuma Dr. Orsolya Klára  |e ths 
856 4 0 |u http://dolgozattar.uni-bge.hu/59896/1/Szakdolgozat_Solymosi-Kiss%20Anik%C3%B3_v%C3%A9gleges_v4.pdf  |z Dokumentum-elérés 
856 4 0 |u http://dolgozattar.uni-bge.hu/59896/2/Solymosi-Kiss%20Anik%C3%B3_b%C3%ADr%C3%A1lat.pdf  |z Dokumentum-elérés 
856 4 0 |u http://dolgozattar.uni-bge.hu/59896/3/S%C3%B3lymosi-Kiss%20Anik%C3%B3%20b%C3%ADr%C3%A1lat%20MH.pdf  |z Dokumentum-elérés